|
|
|
|
| LEADER |
00910nam a22002657a 4500 |
| 001 |
31573 |
| 003 |
BD-DhAAL |
| 008 |
180103t2016 bg a|||| |||| 00| 0 eng d |
| 999 |
|
|
|c 38900
|d 38900
|
| 020 |
|
|
|a 9789843410788
|
| 040 |
|
|
|a BD-DhAAL
|
| 082 |
|
|
|a 658.84095492
|2 21
|
| 100 |
|
|
|a Islam, Shibli Rubayat Ul
|9 24401
|
| 245 |
|
|
|a E-banking & e-commerce /
|c Shibli Rubayat Ul Islam
|
| 250 |
|
|
|a First edition
|
| 260 |
|
|
|a Dhaka :
|b Dhaka Prokash,
|c 2016
|
| 300 |
|
|
|a 586 pages :
|b illustrations ;
|c 25 cm.
|
| 504 |
|
|
|6 Includes bibliographical references.
|
| 526 |
|
|
|a AAL
|
| 541 |
|
|
|e 31573
|
| 650 |
|
|
|a Electronic commerce
|z Bangladesh
|9 24402
|
| 650 |
|
|
|a Electronic banking
|9 24403
|
| 852 |
|
|
|a Ayesha Abed Library
|c General Stacks
|
| 942 |
|
|
|2 ddc
|c BK
|
| 952 |
|
|
|0 0
|1 0
|2 ddc
|4 0
|6 658_840954920000000_ISL
|7 0
|9 62398
|a BRACUL
|b BRACUL
|c GEN
|d 2018-01-03
|l 0
|o 658.84095492 ISL
|p 3010031573
|r 2018-01-03
|t 1
|w 2018-01-03
|y BK
|